000 02887nam0a2200505 4500
001 RU\NLR\bibl\1104268
005 20250615060013.0
010 _a5-7422-1231-3
_9100
021 _aRU
_b2007-33996
_91807
035 _a(nilc)RSL-KNO-003123457
035 _a(NLR Aleph) 001091343
090 _a1120298
_c1120298
100 _a20070531d2006 |||y0rusy50 ca
101 0 _arus
102 _aRU
105 _aa zzzz|||||
200 1 _aЛогистические методы и модели управления кадрами в условиях усиления культурных и глобальных тенденций в международном бизнесе
_fЕ.В. Будрина, В.С. Лукинский, Е.Р. Счисляева
_gФедер. агентство по образованию, С.-Петерб. гос. политехн. ун-т
210 _aСанкт-Петербург
_cИзд-во Политехнического университета
_d2006
215 _a165 с.
_cил.
_d21
320 _aБиблиогр.: с. 147-164 (324 назв.)
606 1 _aКадры
_xУправление
_xЛогистическая концепция
_92353149
_3RU\NLR\auth\661405725
606 1 _aПредпринимательство международное
_92103724
_3RU\NLR\auth\661272030
610 0 _aЭкономика -- Российская Федерация -- Промышленность -- Предприятие -- Материально-техническое снабжение. Сбыт продукции -- Управление
610 0 _aЭкономика -- Логистика
610 0 _aЭкономика -- Российская Федерация -- Внешняя торговля -- Организация и техника внешней торговли -- Логистика
610 0 _aЭкономика -- Российская Федерация -- Труд -- Трудовые ресурсы. Персонал. Кадры -- Логистика
610 0 _aвнешнеторговая логистика
610 0 _aкадровая логистика
610 0 _aспециалисты в области логистики
686 _aУ9(2)301-59-21,0
_2rubbk
686 _aУ.в61,0
_2rubbk
686 _aУ9(2)843.0-803в61,0
_2rubbk
686 _aУ9(2)240в61,0
_2rubbk
686 _aУ24(0)0-21в611
686 _aУ5-13
700 1 _aБудрина
_bЕ. В.
_gЕлена Викторовна
_4070
701 1 _aЛукинский
_bВ. С.
_gВалерий Сергеевич
_4070
701 1 _aСчисляева
_bЕ. Р.
_gЕлена Ростиславовна
_4070
801 0 _aRU
_bРКП
_c20070531
_grcr
801 1 _aRU
_bРГБ
_c20070531
801 2 _aRU
_bNLR
_c20070702
_grcr
830 _aАвт. по кн.
942 _cBOOK
980 _aNB